Home Print Resources E-Books E-Journals IIMT Lecture Series Library Membership Form Book Recommendation Form Campus Tour Take AdmissionAbout Us Contact Us

PHARMACEUTICAL DOSAGE FORM DESING (Record no. 49458)

000 -LEADER
fixed length control field nam a22 7a 4500
003 - CONTROL NUMBER IDENTIFIER
control field OSt
005 - DATE AND TIME OF LATEST TRANSACTION
control field 20191215133009.0
008 - FIXED-LENGTH DATA ELEMENTS--GENERAL INFORMATION
fixed length control field 191215b xxu||||| |||| 00| 0 eng d
040 ## - CATALOGING SOURCE
Transcribing agency IIMT UNIVERISTY MEERUT
Modifying agency SEROSOFT
100 ## - MAIN ENTRY--PERSONAL NAME
Personal name TANWAR YS
245 ## - TITLE STATEMENT
Title PHARMACEUTICAL DOSAGE FORM DESING
Statement of responsibility, etc. AUTHOR
Medium ENGLISH
260 ## - PUBLICATION, DISTRIBUTION, ETC.
Place of publication, distribution, etc. JAYPEE
Date of publication, distribution, etc. NEW DELHI
300 ## - PHYSICAL DESCRIPTION
Extent PAPERBACK
Other physical details 643PP
760 ## - MAIN SERIES ENTRY
Edition FIRST ED2016
856 ## - ELECTRONIC LOCATION AND ACCESS
Materials specified PAPERBACK
887 ## - NON-MARC INFORMATION FIELD
Source of data TITEL
942 ## - ADDED ENTRY ELEMENTS (KOHA)
Source of classification or shelving scheme
Koha item type Text-Book- for 7 days
Edition FIRST ED2016
Classification part 615.19TAN
Call number suffix 615.19TAN
Holdings
Withdrawn status Lost status Source of classification or shelving scheme Damaged status Not for loan Home library Current library Date acquired Source of acquisition Full call number Barcode Date last seen Copy number Price effective from Koha item type
          IIMT University College of Medical Sciences IIMT University College of Medical Sciences 12/15/2019 JAYPEE 615.19TAN 02-B-12067 12/15/2019 R 12/15/2019 Reference Book
IIMT, Central Library. All Rights Reserved IIMT,UNIVERSITY © 2023
Implemented and Customised by I CLOUDE EMS
You Are OPAC Visitor No
free web counter

Powered by Koha